| 000 | 01265pam a2200313 a 4500 | ||
|---|---|---|---|
| 001 | 1559668 | ||
| 005 | 20231023164942.0 | ||
| 008 | 920429s1993 maua 001 0 eng | ||
| 010 | _a 92017344 | ||
| 020 | _a0534931588 | ||
| 020 | _a9780534931582 | ||
| 040 |
_aDLC _cDLC _dDLC |
||
| 082 | 0 | 0 |
_a515.35 _bZIL |
| 100 | 1 |
_aZill, Dennis G., _d1940- _94603 |
|
| 245 | 1 | 0 |
_aDifferential equations with boundary-value problems / _cDennis G. Zill. |
| 250 |
_a3rd ed. / _bMichael R. Cullen. |
||
| 260 |
_aIslamabad : _bNational Book Foundation, _cc1993. |
||
| 300 |
_a1 v. (various pagings) : _bill. (some col.) ; _c24 cm. |
||
| 440 | 4 |
_aThe Prindle, Weber & Schmidt series in mathematics _919448 |
|
| 500 | _aIncludes index. | ||
| 650 | 0 |
_aDifferential equations. _9688 |
|
| 650 | 0 |
_aBoundary value problems. _9689 |
|
| 700 | 1 |
_aCullen, Michael R. _910574 |
|
| 856 | 4 | 2 |
_3Contributor biographical information _uhttp://www.loc.gov/catdir/enhancements/fy1515/92017344-b.html |
| 856 | 4 | 2 |
_3Publisher description _uhttp://www.loc.gov/catdir/enhancements/fy1515/92017344-d.html |
| 906 |
_a7 _bcbc _corignew _d1 _eocip _f19 _gy-gencatlg |
||
| 942 |
_2ddc _cBK |
||
| 999 |
_c529093 _d529093 |
||